000 00187 a2200097 4500
020 _a9781786283016
041 _aspa
100 _aCarol Thompson
245 _aSoy sorprendente
942 _cK
999 _c26531
_d26531